000 00540nam a2200181Ia 4500
008 240925s9999 xx 000 0 und d
020 _a1566043425
082 _a005.75 BUD
100 _aBudnick, Larry
245 0 _aWindows NT Web Server Book: tools and technique for building an Internet site
250 _aNA
260 _aNorth Carolina:
_bVentana
_c,1996.
300 _axxii,1214p.
_bNA
_fOriginal
500 _aIncludes Index
600 _aComputer Science
650 _aComputer science, information & general works
942 _cBK
999 _c6062
_d6062